000 00550nam a22001817a 4500
003 0
005 20220727090731.0
008 220727b xxu||||| |||| 00| 0 eng d
020 _a978-621-04-0430-2
050 _aKPM810
_b.D45 2021
245 _aThe law on obligations and contracts
_cHector S. De Leon; Hector M. De Leon, Jr.
250 _a12th ed.
260 _aQuezon City
_bRex printing company, Inc.,
_c2021
300 _axxii, 453pp.
_c23cm.
_fBook
500 _aContracts--Philippines.
500 _aObligations--laws etc.
942 _2lcc
_cBK
999 _c364755
_d364755